00254nam a2200085Ia 4500008004100000082001900041100002400060245006300084300002100147230907s9999||||xx |||||||||||||| ||und|| a333.796517,THO aThollander, Patrik. 0aImproving energy efficiency in industrial energy systems : axvi, 151 pages :